000 00607nam a2200205Ia 4500
003 GCL
008 140319s9999 xx 000 0 ara d
040 _aGCL /
_cGCL
082 0 4 _a953.109
_bم س
245 1 0 _aالسياسة الثقافية فى المملكة العربية السعودية
300 _a85 ص
490 _a
650 0 4 _aالتعليم
650 0 4 _aتعليم الكبار
650 0 4 _aالثقافة
650 0 4 _aالمكتبات العامة
650 0 4 _aالسعودية - الاحوال الثقافية
650 0 4 _aالمرأة السعودية
942 _2ddc
_cBK
999 _c38013
_d38013